000 02516ngm a2200445 4500
003 dpl
005 20090109125033.0
007 DVD 4 3/4inch
008 ||||||sp199 xxu|||||c ||| 00| 0 ng d
010 _aDVD-002004-2005 & DVD-005575-5579
024 _aSHE DVD 473
_c99.00
035 _aDVD-002004-2005
035 _aDVD-005575-5579
040 _aDPL
_cDPL
082 _aDVD / ALAA
245 _aAlaap
_cN.C. Sippy Presents
_h[videorecording] DVD/
260 _bShemaroo Video Pvt. Ltd.
300 _a1 videodisc DVD; (134 min.) :
_bsd., col. ;
_c4 3/4 in.
_fDVD
440 _aShemaroo Home Entertainment
500 _aDigitally Re-Mastered From the Original Film
538 _aDolby Digital 5.1 - Hindi Subtitles: English
650 _aMotion Picture
700 _aMukherjee, Hrishikesh
700 _aSippy, N. C.
700 _aJaidev
700 _aBachchan, Amitabh
700 _aRekha
700 _aOm Prakash
700 _aOm Prakash
942 _cCF
_2ddc
_hDVD
_mALAA
999 _c20786
_d20786